Howards End / Edward Morgan Forster

Guardado en:
Detalles Bibliográficos
Autor principal: Forster, E.M (autor)
Formato: Libro
Colección:Penguin Classics
Temas:
Etiquetas: Agrega una etiqueta
Sin etiquetas, Sé el primero en etiquetar este registro!

MARC

LEADER 00000nam^a2200000^u^4500
001 000553489
005 20250521000000.0
008 060220s1000^^^^^^^^^^^^r^^^^^000^0^spa^d
009 20260310131638.1
022 |a 014118213X 
035 |a FMI 000023282 
037 |a Acervo Xavier Clavigero 
096 |a 9.1.1/26/D 
100 |a Forster, E.M.  |e (autor) 
245 1 0 |a Howards End / Edward Morgan Forster 
264 |a U.S.A : Penguin Books, 2000 
300 |a 302 p 
336 |a texto  |b txt  |2 rdacontenido 
337 |a sin mediación  |b n  |2 rdamedio 
338 |a volumen  |b nc  |2 rdasoporte 
440 0 |a Penguin Classics 
649 |a XX 
650 |a Novela 
910 |a Fondo Francisco Migoya Covarrubias S.J. 
920 |a Impresos - Libros 
930 |a Fondos Especiales 
905 |a 134 
901 |a SBC30719  |b IT2  |c ESP  |u 20250521 
902 |a https://opac.biblio.iteso.mx/vufind/Record/000553489